000 00627nam a2200253Ia 4500
005 20260121153834.0
008 008 260114s9999 xx 000 0 eng d
020 _a9780429071287
037 _aEBOOK
040 _aCRL
040 _beng
040 _cCRL
041 _2eng
041 _aeng
084 _qCRL
100 _aThomas E. Rufford; Denisa Hulicova-Jurcakova; John Zhu
_9999763
245 0 _aGreen Carbon Materials
260 _bTaylor and Francis
260 _c2013
856 _uhttp://www.taylorfrancis.com/books/9780429071287
942 _cEBOOK
999 _c1566584
_d1566584